000 005860000a22001810004500
003 MACL
005 20160609145151.0
008 160609b xxu||||| |||| 00| 0 eng d
040 _aMACL
_cMACL
041 _aHindi
082 _a920
100 _aकिशोर, नन्‍द
_963500
245 _aगायक स्‍वच्‍छन्‍द हिमांचल का
_cनन्‍द किशोर
260 _bराजेश प्रकाशन
_c1999
_aनई दिल्‍ली
350 _a110
650 _aBiography
_963501
942 _cHIN
_k920
_2ddc
999 _c29930
_d29930